| 000 | 01114nam0a22002651 4500 | ||
|---|---|---|---|
| 001 | rc\4774884 | ||
| 005 | 20250613081451.0 | ||
| 021 |
_aRU _b[65-28302] |
||
| 035 | _a(NLR Aleph) 009025233 | ||
| 090 |
_a9453884 _c9453884 |
||
| 100 | _a20130417d1965 |||y0rusy50 ca | ||
| 101 | 0 | _arus | |
| 102 | _aRU | ||
| 105 | _aa z ||||| | ||
| 200 | 1 |
_aВопросы конструкций автомобилей _eУчеб.-метод. пособие по курсу "Вопросы конструкций автомобилей" _fМоск. автомоб.-дор. ин-т. Отд-ние усовершенствования руководящих и инж.-техн. работников |
|
| 210 |
_aМосква _cВысш. школа _d1965 |
||
| 215 |
_a120 с., 1 л. черт. _cчерт. _d21 |
||
| 320 | _aБиблиогр.: с. 119-120 (43 назв.) | ||
| 606 |
_aАвтомобили _xКонструкции _2psbo |
||
| 700 | 1 |
_aОсепчугов _bВ.В. _gВиктор Васильевич |
|
| 801 | 0 |
_aRU _bNLR _gpsbo |
|
| 801 | 1 |
_aRU _bELAR _2rusmarc |
|
| 852 |
_aNLR _j65-5/1923 |
||
| 942 | _cBOOK | ||
| 980 | _aNB | ||